[Event "ESP-ch U16 Rapid"]
[Site "Salobrena"]
[Date "2022.07.31"]
[Round "7"]
[White "Gomez Pastrana, Juan"]
[Black "Perez Bolanos, Joel"]
[Result "1-0"]
[WhiteElo "1756"]
[BlackElo "1568"]
[PlyCount "109"]
[EventDate "2022.07.30"]
[EventType "swiss (rapid)"]
[EventRounds "9"]
[EventCountry "ESP"]
[SourceTitle "EXT 2023"]
[Source "ChessBase"]
[SourceDate "2022.10.05"]
[SourceVersion "1"]
[SourceVersionDate "2022.10.05"]
[SourceQuality "1"]

1. e4 e5 2. Nc3 Nf6 3. Bc4 Bc5 4. d3 d6 5. f4 Nc6 6. Nf3 Bg4 7. Na4 Bxf3 8. Qxf3 Nd4 9. Qd1 b5 10. Nxc5 bxc4 11. fxe5 dxc5 12. exf6 Qxf6 13. Be3 Rd8 14. Bf2 cxd3 15. cxd3 0-0 16. 0-0 Qg6 17. Rc1 Qg5 18. Re1 Ne6 19. Be3 Qe5 20. Qc2 Rd7 21. Bxc5 Rfd8 22. Red1 Nxc5 23. Qxc5 Qxb2 24. Rc2 Qb6 25. Qxb6 cxb6 26. Kf2 Kf8 27. Ke3 Rd4 28. Rc7 Ra4 29. Rf1 f6 30. Rf2 Ra3 31. Rd2 Re8 32. g4 Re7 33. Rc8+ Kf7 34. h4 g6 35. Rd8 f5 36. gxf5 gxf5 37. Rd4 fxe4 38. Rf2+ Kg6 39. Rxe4 Rxe4+ 40. Kxe4 Kh5 41. d4 Kxh4 42. d5 Rc3 43. d6 Rc8 44. Rh2+ Kg5 45. Rxh7 Kf6 46. Kd5 Rc5+ 47. Kd4 Rc8 48. d7 Rd8 49. Kd5 Kg6 50. Re7 Kf6 51. Kd6 b5 52. Re8 Rxd7+ 53. Kxd7 a5 54. Kc6 b4 55. Kb5 1-0

[Event "ESP-ch U16"]
[Site "Salobrena"]
[Date "2022.07.28"]
[Round "6"]
[White "Gomez Pastrana, Juan"]
[Black "Galstyan, David"]
[Result "1/2-1/2"]
[WhiteElo "1788"]
[BlackElo "2035"]
[PlyCount "69"]
[EventDate "2022.07.25"]
[EventType "swiss"]
[EventRounds "9"]
[EventCountry "ESP"]
[SourceTitle "EXT 2023"]
[Source "ChessBase"]
[SourceDate "2022.10.05"]
[SourceVersion "1"]
[SourceVersionDate "2022.10.05"]
[SourceQuality "1"]

1. e4 e6 2. Nc3 d5 3. Nf3 d4 4. Ne2 c5 5. c3 Nf6 6. e5 Nfd7 7. cxd4 cxd4 8. Nexd4 Nxe5 9. Bb5+ Nec6 10. 0-0 Bd7 11. Nc2 Be7 12. d4 0-0 13. Ne3 Nb4 14. Bc4 Bc6 15. a3 Nd5 16. Ng4 Nd7 17. Nge5 Bf6 18. Re1 Rc8 19. Bd3 Ne7 20. Ng5 Bxg5 21. Bxg5 Nxe5 22. dxe5 Qd5 23. f3 Ng6 24. Bxg6 hxg6 25. Qxd5 Bxd5 26. Rac1 Bc6 27. Be7 Rfe8 28. Bd6 Bd5 29. Kf2 f6 30. f4 Kf7 31. g3 Rh8 32. Rxc8 Rxc8 33. Re2 b5 34. Bb4 Rc4 35. Bc3 1/2-1/2

[Event "ESP-ch U16"]
[Site "Salobrena"]
[Date "2021.07.21"]
[Round "5"]
[White "Gomez Pastrana, Juan"]
[Black "Bravo De la Vega, Alvaro"]
[Result "1/2-1/2"]
[WhiteElo "1705"]
[BlackElo "1941"]
[PlyCount "63"]
[EventDate "2021.07.19"]
[EventType "swiss"]
[EventRounds "9"]
[EventCountry "ESP"]
[SourceTitle "EXT 2022"]
[Source "ChessBase"]
[SourceDate "2021.10.06"]
[SourceVersion "1"]
[SourceVersionDate "2021.10.06"]
[SourceQuality "1"]

1. e4 e5 2. Nc3 Nf6 3. Bc4 Nc6 4. d3 Na5 5. Bb3 Nxb3 6. axb3 Bb4 7. Nge2 d5 8. exd5 Nxd5 9. 0-0 0-0 10. Bd2 Bc5 11. Ne4 Be7 12. N2g3 f5 13. Nc3 f4 14. Nge4 f3 15. Re1 Bg4 16. Ng3 Bc5 17. Nce4 Bb6 18. h3 Bc8 19. c4 Nf4 20. c5 Nxg2 21. Re3 Nxe3 22. Bxe3 Bxh3 23. cxb6 axb6 24. Rxa8 Qxa8 25. Qc1 Qc8 26. Ng5 h6 27. Qc4+ Kh8 28. Nf7+ Kh7 29. Qe4+ Kg8 30. Nxh6+ gxh6 31. Qg6+ Kh8 32. Qxh6+ 1/2-1/2

[Event "ESP-ch U16"]
[Site "Salobrena"]
[Date "2021.07.21"]
[Round "4"]
[White "Mamani Beltran, Deniman"]
[Black "Gomez Pastrana, Juan"]
[Result "1/2-1/2"]
[WhiteElo "2085"]
[BlackElo "1705"]
[PlyCount "109"]
[EventDate "2021.07.19"]
[EventType "swiss"]
[EventRounds "9"]
[EventCountry "ESP"]
[SourceTitle "EXT 2022"]
[Source "ChessBase"]
[SourceDate "2021.10.06"]
[SourceVersion "1"]
[SourceVersionDate "2021.10.06"]
[SourceQuality "1"]

1. e4 e6 2. d4 d5 3. exd5 exd5 4. Bd3 Bd6 5. Nf3 Ne7 6. 0-0 0-0 7. b3 Bf5 8. c4 c6 9. Nc3 Bxd3 10. Qxd3 dxc4 11. bxc4 Nd7 12. Rd1 Ng6 13. Ne4 Be7 14. Bb2 Nf6 15. Ng3 Re8 16. Re1 Bb4 17. Rxe8+ Qxe8 18. Qb3 Bd6 19. Nf5 Qd7 20. Nxd6 Qxd6 21. Qxb7 Rb8 22. Ba3 Rxb7 23. Bxd6 Rb2 24. a3 Ne4 25. Bg3 Nd2 26. d5 Nxf3+ 27. gxf3 cxd5 28. cxd5 Rd2 29. Bb8 a5 30. Rc1 Kf8 31. d6 Ke8 32. h3 Rd3 33. Re1+ Kd7 34. f4 f5 35. h4 h5 36. Rc1 Nxh4 37. Rc7+ Ke6 38. Re7+ Kf6 39. Ra7 Nf3+ 40. Kg2 h4 41. d7 Ne1+ 42. Kh2 Nf3+ 43. Kg2 h3+ 44. Kxh3 Ne5+ 45. Kg2 Nxd7 46. Bc7 Rxa3 47. Bd8+ Ke6 48. Ra6+ Kf7 49. Rxa5 Rxa5 50. Bxa5 Nc5 51. Bc3 Ne6 52. Kg3 Nc5 53. Bd4 Ne4+ 54. Kh4 Kg6 55. Be3 1/2-1/2

[Event "ESP-ch U16"]
[Site "Salobrena"]
[Date "2021.07.20"]
[Round "3"]
[White "Gomez Pastrana, Juan"]
[Black "Periotto Miori, Fabrizio Lautaro"]
[Result "1/2-1/2"]
[WhiteElo "1705"]
[BlackElo "1948"]
[PlyCount "70"]
[EventDate "2021.07.19"]
[EventType "swiss"]
[EventRounds "9"]
[EventCountry "ESP"]
[SourceTitle "EXT 2022"]
[Source "ChessBase"]
[SourceDate "2021.10.06"]
[SourceVersion "1"]
[SourceVersionDate "2021.10.06"]
[SourceQuality "1"]

1. e4 c5 2. Nc3 Nc6 3. g3 g6 4. Bg2 Bg7 5. d3 d6 6. Be3 h5 7. h3 e6 8. Qd2 Nge7 9. Nge2 Qb6 10. Rb1 Nd4 11. 0-0 Bd7 12. Nd1 Nec6 13. c3 Nxe2+ 14. Qxe2 Qa6 15. a3 Ne5 16. c4 b5 17. f4 Nc6 18. e5 Rb8 19. cxb5 Rxb5 20. Nc3 Nd4 21. Bxd4 cxd4 22. Nxb5 Bxb5 23. Rfd1 dxe5 24. fxe5 Bh6 25. Be4 h4 26. Rbc1 Be3+ 27. Kg2 Bxc1 28. Rxc1 Rh5 29. Rc7 Rxe5 30. Qf2 Bd7 31. Qxd4 Qb5 32. Rxd7 Rxe4 33. Rd8+ Ke7 34. dxe4 Qe2+ 35. Kg1 Qe1+ 1/2-1/2

[Event "ESP-ch U14"]
[Site "Salobrena"]
[Date "2021.07.12"]
[Round "2"]
[White "Ermachenko, Manuel"]
[Black "Gomez Pastrana, Juan"]
[Result "1-0"]
[WhiteElo "2107"]
[BlackElo "1705"]
[PlyCount "113"]
[EventDate "2021.07.12"]
[EventType "swiss"]
[EventRounds "9"]
[EventCountry "ESP"]
[SourceTitle "EXT 2022"]
[Source "ChessBase"]
[SourceDate "2021.10.06"]
[SourceVersion "1"]
[SourceVersionDate "2021.10.06"]
[SourceQuality "1"]

1. c4 e6 2. g3 Nf6 3. Bg2 d5 4. Nf3 c5 5. cxd5 exd5 6. d4 Nc6 7. 0-0 Be6 8. Nc3 h6 9. Bf4 a6 10. Rc1 Be7 11. dxc5 Bxc5 12. e3 0-0 13. Qe2 Qe7 14. Rfd1 Rfd8 15. Ne5 Rac8 16. h3 Bd6 17. Nd3 d4 18. Bxd6 Rxd6 19. exd4 Nxd4 20. Qe5 Nc6 21. Bxc6 Rdxc6 22. Nf4 Qb4 23. Rc2 Bxh3 24. Nxh3 Qg4 25. Kg2 Qxd1 26. Nxd1 Rxc2 27. Ne3 Re2 28. Nf4 Rd2 29. Nh5 Nxh5 30. Qxh5 Re8 31. Nc4 Rc2 32. Nd6 Re7 33. Qg4 Ree2 34. Ne4 Rxb2 35. Nf6+ Kf8 36. Qc8+ Ke7 37. Ng4 g6 38. Qc7+ Ke6 39. Qc4+ Ke7 40. Qc5+ Ke6 41. Nxh6 Rxa2 42. Qc4+ Ke7 43. Qxf7+ Kd6 44. Qxg6+ Kc5 45. Qf5+ Kb6 46. Ng4 a5 47. Kh3 a4 48. Qf6+ Kc7 49. Qc3+ Kd6 50. f4 a3 51. f5 Rec2 52. Qd4+ Kc7 53. f6 Rab2 54. f7 a2 55. f8Q Rb6 56. Qfd8+ Kc6 57. Q8d7# 1-0

[Event "ESP-chT Regional U14"]
[Site "Gijon"]
[Date "2021.06.18"]
[Round "3.1"]
[White "Habans Aguerrea, Javier"]
[Black "Gomez Pastrana, Juan"]
[Result "1-0"]
[WhiteElo "2304"]
[BlackElo "1711"]
[PlyCount "109"]
[EventDate "2021.06.17"]
[EventType "team-swiss"]
[EventRounds "6"]
[EventCountry "ESP"]
[SourceTitle "EXT 2022"]
[Source "ChessBase"]
[SourceDate "2021.10.06"]
[SourceVersion "1"]
[SourceVersionDate "2021.10.06"]
[SourceQuality "1"]
[WhiteTeam "Navarra U14"]
[BlackTeam "Castilla y Leon U14"]
[WhiteTeamCountry "ESP"]
[BlackTeamCountry "ESP"]

1. d4 e6 2. c4 d5 3. Nf3 Nf6 4. g3 Be7 5. Bg2 0-0 6. Qc2 c6 7. Nbd2 Nbd7 8. 0-0 Bd6 9. e4 dxe4 10. Nxe4 Bc7 11. Rd1 Nxe4 12. Qxe4 Nf6 13. Qe2 Re8 14. Ne5 Qe7 15. Bf4 Rd8 16. Rd3 Ne8 17. c5 f6 18. Nc4 e5 19. dxe5 Bf5 20. Re3 Qxc5 21. Re1 Bg6 22. h4 b5 23. Nd2 Bxe5 24. Bxe5 fxe5 25. Nb3 Qd6 26. Rxe5 Rac8 27. Re6 Qd7 28. Qf3 Bf7 29. Re7 Qd5 30. Qf4 Qc4 31. R1e4 Qd5 32. Rxe8+ Rxe8 33. Rxe8+ Rxe8 34. Bxd5 Re1+ 35. Kg2 Bxd5+ 36. f3 Re2+ 37. Kg1 Rxb2 38. Qb8+ Kf7 39. Qxa7+ Kg8 40. Qb8+ Kf7 41. Qc7+ Kg8 42. Nd4 g6 43. Qd8+ Kf7 44. Qd7+ Kf6 45. Qd6+ Kf7 46. Nxc6 Bxc6 47. Qxc6 b4 48. Qd7+ Kf8 49. Qd6+ Kf7 50. h5 b3 51. hxg6+ hxg6 52. Qd5+ Kf8 53. axb3 g5 54. Qf5+ Kg8 55. Qg6+ 1-0

[Event "ESP-chT Regional U14"]
[Site "Gijon"]
[Date "2021.06.17"]
[Round "2.1"]
[White "Carvajal Costa, Daniel"]
[Black "Gomez Pastrana, Juan"]
[Result "0-1"]
[WhiteElo "1279"]
[BlackElo "1711"]
[PlyCount "68"]
[EventDate "2021.06.17"]
[EventType "team-swiss"]
[EventRounds "6"]
[EventCountry "ESP"]
[SourceTitle "EXT 2022"]
[Source "ChessBase"]
[SourceDate "2021.10.06"]
[SourceVersion "1"]
[SourceVersionDate "2021.10.06"]
[SourceQuality "1"]
[WhiteTeam "La Rioja U14"]
[BlackTeam "Castilla y Leon U14"]
[WhiteTeamCountry "ESP"]
[BlackTeamCountry "ESP"]

1. d4 e6 2. c4 d5 3. g3 c5 4. Nf3 Nf6 5. Bg2 Nc6 6. 0-0 Be7 7. Bg5 h6 8. Bxf6 Bxf6 9. Ne5 Nxd4 10. Ng4 0-0 11. e3 Nc6 12. Nxf6+ Qxf6 13. Nc3 d4 14. Ne4 Qe7 15. Qc2 e5 16. exd4 cxd4 17. Nd2 f5 18. f3 b6 19. f4 e4 20. Nxe4 fxe4 21. Bxe4 Bb7 22. Rfe1 Qc5 23. Bh7+ Kh8 24. Qg6 Ne7 25. Qd3 Nc6 26. a3 Rae8 27. Rac1 Re3 28. Rxe3 dxe3 29. Kf1 Rd8 30. Qc2 Nd4 31. Qb1 e2+ 32. Ke1 Nf3+ 33. Kxe2 Rd2+ 34. Kf1 Qf2# 0-1